| 000 | 01199nac a22003011i 4500 | ||
|---|---|---|---|
| 003 | EG-ScBUE | ||
| 005 | 20241030142208.0 | ||
| 008 | 241030s2004 njua f b 001 0 eng d | ||
| 020 | _a9780470868140 | ||
| 020 | _a0470868147 (Paper : alk. paper) | ||
| 040 |
_aEG-ScBUE _beng _erda _cEG-ScBUE _dEG-ScBUE |
||
| 082 | 0 | 4 |
_a519.202462 _bSOO _222 |
| 100 | 1 |
_aSoong, T. T., _eauthor. |
|
| 245 | 1 | 0 |
_aFundamentals of probability and statistics for engineers / _cT.T. Soong, State University of New York at Buffalo, New York, USA. |
| 264 | 1 |
_aHoboken, NJ : _bJohn Wiley & Sons, _c2004. |
|
| 300 |
_axiv, 391 pages : _billustrations ; _c24 cm |
||
| 336 |
_2rdacontent _atext _btxt |
||
| 337 |
_aunmediated _2rdamedia _bn |
||
| 338 |
_avolume _bnc _2rdacarrier |
||
| 504 | _aIncludes bibliographical references and index. | ||
| 650 | 7 |
_aEngineering mathematics. _2BUEsh |
|
| 650 | 7 |
_aProbabilities. _2BUEsh |
|
| 650 | 7 |
_aMathematical statistics. _2BUEsh |
|
| 655 | _vReading book | ||
| 856 | 4 | 2 |
_3Publisher description _uhttp://www.loc.gov/catdir/description/wiley041/2004041235.html |
| 856 | 4 | 2 |
_3Table of contents _uhttp://www.loc.gov/catdir/toc/wiley041/2004041235.html |
| 942 |
_cBB _2ddc |
||
| 999 |
_c1870 _d1870 |
||